The Hodder stamp dictionary / (Record no. 9646)
[ view plain ]
| 000 -LEADER | |
|---|---|
| fixed length control field | 00792nam a22002652a 4500 |
| 001 - CONTROL NUMBER | |
| JCCL Control Number | 9646 |
| 003 - CONTROL NUMBER IDENTIFIER | |
| JCCL marc code | BD - JhCC |
| 005 - DATE AND TIME OF LATEST TRANSACTION | |
| control field | 20180321140608.0 |
| 008 - FIXED-LENGTH DATA ELEMENTS--GENERAL INFORMATION | |
| fixed length control field | 180321r19731972enka d 000 0 eng d |
| 020 ## - INTERNATIONAL STANDARD BOOK NUMBER | |
| International Standard Book Number | 0340171839 |
| 035 ## - SYSTEM CONTROL NUMBER | |
| system control number | OCLC ocm16251077 from D960802M |
| -- | (BD - JhCC)9646 |
| 040 ## - CATALOGING SOURCE | |
| Original cataloging agency | UKM |
| Transcribing agency | UKM |
| Modifying agency | EQO |
| -- | BD - JhCC |
| 041 ## - LANGUAGE CODE | |
| Language code of Book | eng |
| 050 #0 - LIBRARY OF CONGRESS CALL NUMBER | |
| Classification number | HE6196 |
| 082 ## - DEWEY DECIMAL CLASSIFICATION NUMBER | |
| Classification number | 769/.56/03 |
| DDC Edition number | 18 |
| Author mark and Year | PAT 1972 |
| 100 1# - MAIN ENTRY--PERSONAL NAME | |
| Personal name | Patrick, Douglas. |
| 245 14 - TITLE STATEMENT | |
| Title | The Hodder stamp dictionary / |
| Statement of responsibility, etc | Douglas Patrick and Mary Patrick |
| 260 ## - PUBLICATION, DISTRIBUTION, ETC. (IMPRINT) | |
| Place of publication, distribution, etc | London : |
| Name of publisher, distributor, etc | Hodder and Stoughton, |
| Date of publication, distribution, etc | 1973 |
| 300 ## - PHYSICAL DESCRIPTION | |
| Pagination | [7], 277 p. : |
| Other physical details | ill. ; |
| Dimensions | 24 cm |
| 500 ## - GENERAL NOTE | |
| General note | Originally published in Canada, 1972 |
| 650 #0 - SUBJECT ADDED ENTRY--TOPICAL TERM | |
| Topical term or geographic name as entry element | Postage stamps |
| Form subdivision | Dictionaries. |
| 700 0# - ADDED ENTRY--PERSONAL NAME | |
| Personal name | Mary Patrick, |
| Titles and other words associated with a name | Sister, O.P. |
| 942 ## - ADDED ENTRY ELEMENTS (KOHA) | |
| Source of classification or shelving scheme | Dewey Decimal Classification |
| Koha item type | Books |
| Source of classification or shelving scheme | Damaged status | Not for loan | Home library | Current library | Shelving location | Total Checkouts | Full call number | Barcode | Date last seen | Copy number | Koha item type |
|---|---|---|---|---|---|---|---|---|---|---|---|
| Dewey Decimal Classification | JCC Rouf Library | JCC Rouf Library | General Stacks | 769/.56/03 PAT 1972 | 12820 | 03/21/2018 | C - 1 | Books |